Anti-skin bacterial activity of selected plant extracts /
Saved in:
| 主要作者: | |
|---|---|
| 格式: | Thesis 图书 |
| 语言: | English |
| 出版: |
2016.
|
| 主题: | |
| 标签: |
添加标签
没有标签, 成为第一个标记此记录!
|
| LEADER | 01077cam a2200301 i 4500 | ||
|---|---|---|---|
| 001 | u1045189 | ||
| 003 | SIRSI | ||
| 005 | 201612140957 | ||
| 008 | 161220s2016 my a m 000 0 eng | ||
| 040 | |a UMM |e rda | ||
| 090 | |a QH302 |b UM 2016 Hem | ||
| 100 | 0 | |a Hemapriyaa Vijayan, |e author. | |
| 245 | 1 | 0 | |a Anti-skin bacterial activity of selected plant extracts / |c Hemapriyaa a/p Vijayan. |
| 264 | 1 | |c 2016. | |
| 264 | 4 | |c 2016. | |
| 300 | |a xi, 66 leaves : |b illustrations ; |c 30 cm. | ||
| 336 | |a text |2 rdacontent | ||
| 337 | |a unmediated |2 rdamedia | ||
| 338 | |a volume |2 rdacarrier | ||
| 502 | |b M.Sc. |c Institut Sains Biologi, Fakulti Sains, Universiti Malaya |d 2016. | ||
| 504 | |a Bibliography: leaves 58-65. | ||
| 650 | 0 | |a Dermatology |x Experiments. | |
| 650 | 0 | |a Skin |x Care and hygiene. | |
| 650 | 0 | |a Plant extracts |x therapeutic use. | |
| 710 | 2 | |a Universiti Malaya. |b Institut Sains Biologi, |e degree granting institution. | |
| 900 | |a NSR NSM | ||
| 596 | |a 1 | ||
| 999 | |a QH302 UM 2016 HEM |w LC |c 1 |i A516600607 |d 14/4/2017 |f 14/4/2017 |g 1 |l STACKS |m P01UTAMA |r Y |s Y |t TESIS |u 5/4/2017 |1 STEM | ||
